banner-ar

تقرير مقدم الى السيد رئيس الجمهورية عن اعمال المجلس فى دورتة الخامسة عشرة / (Record no. 51185)

MARC details
000 -الفاتح
حقل البيانات ثابتة الطول 00551nam a2200133Ia 4500
008 - عناصر البيانات ثابتة الطول - معلومات عامة
حقل البيانات ثابتة الطول 140319s9999 xx 000 0 ara d
040 ## - مصدر الفهرسة
وكالة الفهرسة الأصلية GCL /
وكالة النسخ GCL
082 04 - رقم تصنيف ديوى العشرى
رقم التصنيف 328.3
رقم المادة م ت
100 1# - المدخل الرئيسى - إسم شخصى
الإسم الشخصى المجلس القومى للتعليم والبحث
245 10 - بيان العنوان
العنوان تقرير مقدم الى السيد رئيس الجمهورية عن اعمال المجلس فى دورتة الخامسة عشرة /
بيان المسئوليه,etc المجلس القومى للتعليم والبحث
300 ## - الوصف المادى
التعداد 220 ص
490 ## - بيان السلسلة
عنوان السلسلة الهيئة العامة للاستعلامات
رقم المجلد/ التعيين التسلسلي 0
Holdings
حالة التراجع حالة الفقد حالة تلف ليس للاعارة المكان المؤقت الموقع الحالى تاريخ الاكتساب اجمالي اﻻعارات رقم الطلب الباركود تاريخ اخر مشاهدة تاريخ تفعيل السعر نوع وعاء كوها
        مكتبة القاهرة الكبرى مكتبة القاهرة الكبرى 03/26/2014   328.3\م ت 122713 03/26/2014 03/26/2014 كتاب

Powered By

EGPV